LEADER 01478oam 2200409Mu 450 001 9910671408903321 005 20220714154315.0 010 $a84-1377-946-4 035 $a(MiAaPQ)EBC6851866 035 $a(Au-PeEL)EBL6851866 035 $a(CKB)20667777000041 035 $a(OCoLC)1292360232 035 $a(OCoLC-P)1292360232 035 $a(MiAaJST)10.2307/j.ctv282jj2q 035 $a(EXLCZ)9920667777000041 100 $a20220115d2021 uy 0 101 0 $aspa 135 $aurcnu|||||||| 181 $ctxt$2rdacontent 182 $cc$2rdamedia 183 $acr$2rdacarrier 200 13$aEl Lucro Cesante . Configuracio?n Actual y Criterios para Su Determinacio?n Judicial$b[electronic resource] 210 1$aMadrid :$cDykinson, S.L.,$d2021. 210 4$d©2021. 215 $a1 online resource (460 pages) 300 $aDescription based upon print version of record. 311 08$aPrint version: López Mas, Pedro José El Lucro Cesante . Configuración Actual y Criterios para Su Determinación Judicial Madrid : Dykinson, S.L.,c2021 9788413779058 606 $aLost profits damages$xValuation$zSpain 615 0$aLost profits damages$xValuation 676 $a346.4603 700 $aLópez Mas$b Pedro José$01333999 801 0$bOCoLC-P 801 1$bOCoLC-P 906 $aBOOK 912 $a9910671408903321 996 $aEl Lucro Cesante . Configuracio?n Actual y Criterios para Su Determinacio?n Judicial$93044547 997 $aUNINA